Les ONG américaines en Afrique (Record no. 12291)
| 000 -GUIDE | |
|---|---|
| Champ de contrôle de longueur fixe | 01025nam a22002657a 4500 |
| 003 - IDENTITÉ DU NUMÉRO DE CONTRÔLE | |
| Champ de contrôle | BI-BuBU |
| 008 - ÉLÉMENTS DE LONGUEUR FIXE - RENSEIGNEMENTS GÉNÉRAUX | |
| Champ de contrôle de longueur fixe | 110915s 1990fr ||||fr|||| 000 0 fre d |
| 020 ## - INTERNATIONAL STANDARD BOOK NUMBER | |
| ISBN | 9782867386053 |
| 037 ## - SOURCE D'ACQUISITION | |
| Source d'acquisition et du numéro d'inventaire | Don de la Mission Française de Coopération |
| 039 ## - NIVEAU DE CONTRÔLE BIBLIOGRAPHIQUE ET HISTORIQUE D'ENCODAGE [OBSOLETE] | |
| Date creation | 20110915163555.0 |
| Nom catalographe | Aline NIYUBAHWE |
| Date modification | 20161115165103.0 |
| Nom catalographe | Béatrice Barankeba |
| 040 ## - SOURCE DU CATALOGAGE | |
| Organisme qui a effectué le catalogage original | BI-BuBU |
| Code de la langue utilisée dans le catalogage | fr |
| Organisme qui a effectué la transcription | BI-BuBU |
| Organisme qui a effectué la modification | BI-BuBU |
| 041 0# - CODE DE LANGUE | |
| Code de langue du texte/de la piste sonore ou du titre distinct | fre |
| 080 ## - INDICE DE LA CLASSIFICATION DÉCIMALE UNIVERSELLE (CDU) | |
| Indice de la Classification décimale universelle | 341.1 |
| 100 1# - VEDETTE PRINCIPALE - NOM DE PERSONNE | |
| Code de relation | aut. |
| Nom de personne | Maradeix, Marie-Stéphane |
| 245 14 - MENTION DU TITRE | |
| Titre | Les ONG américaines en Afrique |
| Reste du titre | activités et perspectives de 30 organisations non gouvernementales |
| Mention de responsabilité, etc. | Marie-Stéphane Maradeix |
| 260 ## - PUBLICATION, DIFFUSION, ETC. (ADRESSE BIBLIOGRAPHIQUE) | |
| Lieu de publication, diffusion, etc. | Paris |
| Nom de l'éditeur, diffuseur, etc. | Syros-Alternatives |
| Date of publication, distribution, etc | 1990 |
| 300 ## - DESCRIPTION MATÉRIELLE | |
| Collation | 141 p. |
| Dimensions | 22 cm. |
| 440 #0 - MENTION DE COLLECTION / VEDETTE SECONDAIRE DE TITRE | |
| Titre | Atelier du développement |
| Numéro de volume et/ou désignation d'ordre séquentiel | 144 |
| 9 (RLIN) | 42431 |
| 504 ## - NOTE DE BIBLIOGRAPHIE ET INDEX. | |
| Note de bibliographie et index. | Bibliogr. |
| 650 #7 - VEDETTE-MATIÈRE - NOM COMMUN | |
| Source du terme | BI-BuBU |
| Vedette de sujet ou vedette comportant un nom géographique | Organisation non gouvernementale |
| 9 (RLIN) | 42432 |
| Subdivision géographique | Amérique : Afrique subsaharienne |
| 650 #7 - VEDETTE-MATIÈRE - NOM COMMUN | |
| Source du terme | BI-BuBU |
| Vedette de sujet ou vedette comportant un nom géographique | Afrique sub-saharienne : Organisation non gouvernementale |
| 9 (RLIN) | 42433 |
| Subdivision géographique | Amérique |
| 651 ## - VEDETTE-MATIÈRE - NOM GÉOGRAPHIQUE | |
| Source du terme | BI-BuBU |
| 942 ## - ÉLÉMENTS D'ENTRÉE ADDITIONNELLE (KOHA) | |
| Source de la classification ou du système de rangement | |
| Type d item koha | BOOK |
No items available.